Genesis of beach flaggy marlstone boulders by trace elements and isotopic measurements

During the prospection of Rosetia beach black sands deposits a piled deposit of marlsione boulders was found breaking the homogeneity of the beach. The genesis of this deposit was questionable. Therefore, its origin was studied by trace element and stable isotopic measurements, besides geological in...

Teljes leírás

Elmentve itt :
Bibliográfiai részletek
Szerzők: Wassef Samir N.
Aly Monir M.
Elmanharawy M. S.
Dokumentumtípus: Cikk
Megjelent: University of Szeged, Department of Mineralogy, Geochemistry and Petrology Szeged 1983
Sorozat:Acta mineralogica-petrographica 26 No. 1
Kulcsszavak:Kőzettan, Ásványtan, Földtan
Tárgyszavak:
Online Access:http://acta.bibl.u-szeged.hu/24706
LEADER 01494nab a2200241 i 4500
001 acta24706
005 20220726085553.0
008 161017s1983 hu o 0|| eng d
022 |a 0365-8066 
040 |a SZTE Egyetemi Kiadványok Repozitórium  |b hun 
041 |a eng 
100 1 |a Wassef Samir N. 
245 1 0 |a Genesis of beach flaggy marlstone boulders by trace elements and isotopic measurements  |h [elektronikus dokumentum] /  |c  Wassef Samir N. 
260 |a University of Szeged, Department of Mineralogy, Geochemistry and Petrology  |b Szeged  |c 1983 
300 |a 19-25 
490 0 |a Acta mineralogica-petrographica  |v 26 No. 1 
520 3 |a During the prospection of Rosetia beach black sands deposits a piled deposit of marlsione boulders was found breaking the homogeneity of the beach. The genesis of this deposit was questionable. Therefore, its origin was studied by trace element and stable isotopic measurements, besides geological investigations and the study of the history of the area. The results obtained revealed that these boulders are of fresh water environment affected by the surrounding sea water rejected on beach during abnormal and strong weather conditions. 
650 4 |a Természettudományok 
650 4 |a Föld- és kapcsolódó környezettudományok 
695 |a Kőzettan, Ásványtan, Földtan 
700 0 1 |a Aly Monir M.  |e aut 
700 0 1 |a Elmanharawy M. S.  |e aut 
856 4 0 |u http://acta.bibl.u-szeged.hu/24706/1/mineralogica_026_fasc_001_019-025.pdf  |z Dokumentum-elérés